Quality indicators. In theory and in fact.

Fungovanie systému ukazovateľov kvality výrobkov. Kvalita ako multidimenzionálna koncepcia. Otázka ceny výrobku a dobrého mena podniku ako ukazovateľov kvality výrobku.

Gespeichert in:
Bibliographische Detailangaben
1. Verfasser: Hjorth-Andersen, Ch
Format: Buchkapitel
Sprache:Englisch
Schlagworte:
Tags: Tag hinzufügen
Keine Tags, Fügen Sie das erste Tag hinzu!

MARC

LEADER 00000naa a2200000 4500
001 r008174
005 20221130103147.4
041 0 |a eng 
044 |a NL 
245 1 0 |a Quality indicators.  |b In theory and in fact.  |c Ch. Hjorth-Andersen 
520 |a Fungovanie systému ukazovateľov kvality výrobkov. Kvalita ako multidimenzionálna koncepcia. Otázka ceny výrobku a dobrého mena podniku ako ukazovateľov kvality výrobku. 
610 2 0 |a kvalita výrobkov 
610 2 0 |a koncepcie 
610 2 0 |a ukazovatele kvalitatívne 
610 2 0 |a ceny 
610 2 0 |a imidž 
100 1 |a Hjorth-Andersen, Ch.